| 000 | 00668cam a22002177a 4500 | ||
|---|---|---|---|
| 003 | OSt | ||
| 005 | 20240530110418.0 | ||
| 008 | 081222s2006 stka b 001 0 eng d | ||
| 020 | _a9774160398 | ||
| 035 | _a(OCoLC)ocn187294388 | ||
| 040 |
_aEG-CaGPL _cEG-CaGPL |
||
| 082 | 0 | 4 |
_221 _a745.61\ _bB I |
| 100 | 1 | _aBlair, Sheila S . | |
| 245 | 1 | 0 |
_aIslamic calligraphy / _cSheila S. Blair. |
| 260 |
_aCairo : _bThe American University in Egypt, _cc2006 |
||
| 300 |
_axxxvii, 681 p. : _bcol ill. ; _c25 cm. |
||
| 504 | _aIncludes bibliographical references (p. 628-658) and index. | ||
| 650 | 0 | _aIslamic calligraphy. | |
| 942 |
_2ddc _cBK |
||
| 999 |
_c60592 _d60592 |
||